=LDR 00000nam 2200000 4500 =001 INLIS000000000017639 =005 20130612112843 =008 ***********************************Ind** =035 ##$$0010-061300000017639 =041 ##$$a Ind =082 ##$$a 567.9 =090 ##$$a 567.9, Whi r =100 ##$$a Whitcombe, Babbie =245 ##$$a Reptilia, Babbie Whitcembe, alih bahasa, Haryunani L =260 ##$$a 2005 $b Jakarta =300 ##$$a 19 hlm, ilus, 26 cm =650 ##$$a Reptilia =850 ##$$a NBPNMAT